Effect of different organic fertilizers on chinese chives in crop station of royal university of agriculture ឥទ្ធិពលនៃប្រភេទជីធម្មជាតិទៅលើដំណាំគូឆាយស្លឹកនៅស្ថានីយ៍ពិសោធន៍ដំណាំនៃសាកលវិទ្យាល័យភូមិន្ទកសិកម្ម (Record no. 994)
[ view plain ]
| 000 -LEADER | |
|---|---|
| fixed length control field | 00721nam a22001457a 4500 |
| 003 - CONTROL NUMBER IDENTIFIER | |
| control field | OSt |
| 005 - DATE AND TIME OF LATEST TRANSACTION | |
| control field | 20150921161718.0 |
| 008 - FIXED-LENGTH DATA ELEMENTS--GENERAL INFORMATION | |
| fixed length control field | 150921b xxu||||| |||| 00| 0 eng d |
| 040 ## - CATALOGING SOURCE | |
| Transcribing agency | AGR |
| 082 ## - DEWEY DECIMAL CLASSIFICATION NUMBER | |
| Classification number | AGR SAN 2009 B039 2009 |
| 100 ## - MAIN ENTRY--PERSONAL NAME | |
| 9 (RLIN) | 1035 |
| Personal name | SAN, SOVANNARATH |
| 245 ## - TITLE STATEMENT | |
| Title | Effect of different organic fertilizers on chinese chives in crop station of royal university of agriculture ឥទ្ធិពលនៃប្រភេទជីធម្មជាតិទៅលើដំណាំគូឆាយស្លឹកនៅស្ថានីយ៍ពិសោធន៍ដំណាំនៃសាកលវិទ្យាល័យភូមិន្ទកសិកម្ម |
| 260 ## - PUBLICATION, DISTRIBUTION, ETC. (IMPRINT) | |
| Place of publication, distribution, etc. | Phnom penh |
| Name of publisher, distributor, etc. | AGR |
| Date of publication, distribution, etc. | 2009 |
| 942 ## - ADDED ENTRY ELEMENTS (KOHA) | |
| Source of classification or shelving scheme | |
| Koha item type | AGR |
No items available.